000 00919nam a2200313Ia 4500
003 OSt
005 20220912150416.0
006 a|||||r|||| 00| 0
007 ta
008 220909b |||||||| |||| 00| 0 eng d
020 _a0201328321 (pbk)
024 _a7809
037 _bAffiliated,
037 _cTextual
040 _aCSL
_beng
_cCSL
041 _aeng
082 _aCN301, N7
100 _aQuigg Chris
245 0 _aGauge theories of the strong, weak, and electromagnetic interactions
260 _aReading, Massachusetts
_bAddison-Wesley
_c1997
300 _axv,334p
490 _aAdvanced book classics
500 _aIncludes bibliographical references.; Appendix A-C, 301-316p.
_ccm.; 'Indexes 317-334p.
_ccm.'
650 _a Field Theory
650 _a Gauge Theory
650 _aPhysics
942 _hCN301, N7
_cTEXL
_2CC
999 _c46964
_d46964